00705nam a22002177a 4500003000400000008004100004082001700045100001800062245013400080260003900214300001000253502001700263650001300280650000900293650002000302650001100322650001100333942001100344999001700355952011500372OSt260505b |||||||| |||| 00| 0 eng d a633.18bS94E aKumar, Sunil. aEffect of Crop Establishment Methods, Fertility Levels and Weed Management on Rice (Oryza Sativa) Productivity / cby Sunil Kumar a.- Pusa, Samastipurb: RAUc, 2009 a104p. bPh. D.d2009 aAgronomy aRice aWeed Management aThesis aPh. D. 2ddccT c50441d50441 00102ddc4070aRAUbRAUd2026-05-05eby Authorg0.00l0o633.18 S94Ep60249r2026-05-05w2026-05-05yTkGift